000 00309nam a22001217a 4500
008 230623b xxu||||| |||| 00| 0 eng d
082 _a330.96005
_bAFR 1981
110 _bMiddle East Review
245 _aAfrican Guide 1982
260 _aEngland
_bWorld of Information
_c1981
300 _a407p
942 _2ddc
_cBK
999 _c2541
_d2541